000
00403nam a22001697a 4500
003
MPLRDC
005
20220104143111.0
008
210129b ||||| |||| 00| 0 eng d
082
_a
220.7 FJFJ
100
_a
不详
245
_a
百年大事浑如梦
_c
260
_a
_b
法界佛教总会
_c
1995
300
_b
平
490
_a
正法系列. 3
650
_a
佛教杂论
942
_c
BK
_o
220.7 FJFJ
999
_c
36616
_d
36606